| 000 | 00361nam a2200145 4500 | ||
|---|---|---|---|
| 020 | _a8188458902 | ||
| 082 | _a005.7SHE | ||
| 100 | _aSherawat D.S.& Sharma Sanjay. | ||
| 245 | _aIntroduction to Databases | ||
| 260 |
_aNew Delhi _bS.K.Kataria &Sons. _c2006 |
||
| 300 |
_aix,228p _b:ill.;24cm. |
||
| 500 | _aInclude ,Index | ||
| 650 | _aDatabases. | ||
| 942 | _cBK | ||
| 999 |
_c12265 _d12265 |
||